Bewusstsein und Wille: Dialektik als Movens für Nietzsche

Guardat en:
Dades bibliogràfiques
Autor principal: Wandel, Fritz (Autor)
Format: Llibre
Idioma:espanyol
Publicat: Bonn Herbert Grundmann 1972
Matèries:
Etiquetes: Afegir etiqueta
Sense etiquetes, Sigues el primer a etiquetar aquest registre!

MARC

LEADER 00000nam a2200000 a 4500
001 UCN9126
003 CL-VaPUC
008 011123e19720000GW |||||||||||||||||spa|d
082 0 4 |a 193  |b WAN  |2 21 
100 0 |a Wandel, Fritz  |e author  |9 465578 
245 1 0 |a Bewusstsein und Wille: Dialektik als Movens für Nietzsche 
300 |a 243 p 
942 |c BK 
945 |d 20011123 00:00:00  |a crobeson 
260 |a Bonn  |b Herbert Grundmann  |c 1972 
600 0 |a Nietzsche, Friedrich  |q (Friedrich Wilhelm)   |d 1844-1900  |9 858277 
600 0 7 |a GRANIER, JEAN  |2 CL-VaPUC  |9 465579 
650 0 |a Filosofía alemana   |9 265002 
650 0 |a Filosofía moral   |9 310115 
650 0 |a Conceptos morales   |9 310606 
583 |a last modification  |c 20011123 00:00:00  |k Rodrigo Vera 
999 |c 298673  |d 298671 
952 |0 0  |1 0  |4 0  |6 193_000000000000000_WAN_1972  |7 0  |8 A  |9 354439  |a BIBHIS  |b BIBHIS  |d 2019-11-21  |i 3742768  |o 193 WAN 1972  |p 3742768  |r 2025-01-20  |w 2019-11-21  |y BK  |k HIS